| 000 | 01079nam a2200277 a 4500 | ||
|---|---|---|---|
| 005 | 20191224041510.0 | ||
| 008 | 140113t1996 ne do fr|||| 000 0 eng d | ||
| 020 | _a9051130295 | ||
| 040 |
_aCO-BoIAVH _cCO-BoIAVH |
||
| 041 | 0 | _aeng | |
| 082 | 0 | 4 |
_a577.3 _bL23t |
| 100 | 1 | _aLammerts van Bueren, Erik M. | |
| 245 | 1 | 0 |
_aTowards Priorities of Biodiversity Research in Support of Policy and Management of Tropical Rain Forests : _ba contribution to the conservation and wise use of tropical rain forests / _cTROPENBOS |
| 260 |
_aWageningen : _bTropenbos Foundation , _c1996. |
||
| 300 |
_a35 páginas : _bGráficos , fotografías ; _c29 x 21 cm. |
||
| 650 | 6 | _aBosque húmedo tropical | |
| 650 | 6 | _aPrioridades de investigación | |
| 650 | 6 | _aConservación de bosques | |
| 650 | 6 | _aInvestigación científica | |
| 650 | 6 | _aInvestigación aplicada | |
| 650 | 6 | _aManejo forestal | |
| 650 | 6 | _aPolítica ambiental | |
| 650 | 6 | _aBiodiversidad | |
| 700 | 1 | _aDuivenvoorden, Joost Franciscus | |
| 942 |
_cLIBRO _2ddc |
||
| 999 |
_c74 _d74 |
||